000 00680nam a22002177a 4500
005 20231205114659.0
008 231205b mx |||||||| |||| 00| 0 spa d
020 _a9702402174
050 0 4 _aPN45
_bO84 2005
050 0 4 _aPN594
_bO84 2002
100 1 _aOseguera, Eva Lydia.
245 1 0 _aCompendio de literatura universal
_c/ Eva Lydia Oseguera.
250 _a2a ed.
260 _aMéxico :
_bPublicaciones Cultural,
_c2002.
300 _a321 p. :
_bil. ;
_c25 cm.
504 _aIncluye bibliografía y glosario.
650 7 _2Lemb
_aLiteratura universal
650 4 _aLiteratura universal
_vCompendio
650 7 _2lemb
_aLiteratura
_xHistoria y crítica
942 _2lcc
_cLIB
999 _c10942
_d10942